00434nam a2200157Ia 4500001000500000005001700005008004100022041000800063082001500071100004400086245009300130260000900223300002800232650000800260654000800268862920260306160623.0260306t2019||||xx |||||||||||||| ||spa|| aESP a371.2bU88 aUruñuela Nájera, Pedro MaríaeAUT 0aLa gestión del aula:btodo lo que me hubiera gustado saber cuando empecé a dar clase c2019 a333 páginas :c24 cm. aGEN aCED